| 000 | 01472cam a2200349Ia 4500 | ||
|---|---|---|---|
| 999 |
_c7281 _d7281 |
||
| 001 | 310401 | ||
| 003 | GBCCL | ||
| 005 | 20241126110624.0 | ||
| 006 | m||||fo||d| |||||| | ||
| 007 | cr|g||008|pbda | ||
| 008 | 010822s1922 nyu s 001|0 eng d | ||
| 020 | _z0524103593 | ||
| 035 | _a(OCoLC)690754889 | ||
| 035 | _a(ATLA)ATLAP000033434 | ||
| 040 | _cGBC | ||
| 049 | _aLBBR | ||
| 082 |
_a221.6 _bBEW |
||
| 090 | _aBS1140 | ||
| 100 | 1 |
_aBewer, Julius A. _q(Julius August), _d1877-1953. _912901 |
|
| 245 | 1 | 4 |
_aThe literature of the Old Testament in its historical development _h[electronic resource] / _cby Julius A. Bewer. |
| 260 |
_aNew York : _bColumbia University Press, _c1922. |
||
| 300 |
_a1 online resource (xiv, 452 p.) ; _c24 cm. |
||
| 440 | 0 |
_aRecords of civilization, sources and studies _912902 |
|
| 500 | _aIncludes index. | ||
| 504 | _aBibliography: p. 437-444. | ||
| 533 |
_aElectronic reproduction. _bIpswich, MA : _cEBSCO, _d2009. _nElectronic reproduction from microform master produced by the American Theological Library Association. |
||
| 590 | _aDigital version created by EBSCO from ATLA microform. | ||
| 630 | 0 | 0 |
_aBible. _pO.T. _xCriticism, Textual. _912053 |
| 630 | 0 | 0 |
_aBible. _pO.T. _vIntroductions. _92497 |
| 856 | 4 | 0 |
_3Full text available _zLBC Link to Full Text; Click for Access _uhttp://lbc.idm.oclc.org:80/login?url=http://search.ebscohost.com/login.aspx?direct=true&db=h8h&bquery=(HJ+5VDM)&type=1&site=ehost-live |
| 942 |
_2ddc _cBK _04 |
||